|
|
|
|
| LEADER |
02189nam a2200517 a 4500 |
| 001 |
nkc20061698078 |
| 003 |
CZ PrNK |
| 005 |
20110301111607.0 |
| 007 |
ta |
| 008 |
061116s2006 xr abf g 000 1 cze |
| 015 |
|
|
|a cnb001698078
|
| 020 |
|
|
|a 978-80-87195-14-7
|q (soubor ;
|q v přebalu)
|
| 020 |
|
|
|a 80-86362-71-X
|q (váz.)
|
| 035 |
|
|
|a (OCoLC)53273871
|
| 040 |
|
|
|a OLA001
|b cze
|
| 043 |
|
|
|a f-sj---
|a f-ua---
|
| 072 |
|
7 |
|a 913(6)
|x Geografie Afriky, reálie, cestování
|2 Konspekt
|9 7
|
| 080 |
|
|
|a 908(624)
|2 MRF
|
| 080 |
|
|
|a 908(620)
|2 MRF
|
| 080 |
|
|
|a (0:82-992)
|2 MRF
|
| 100 |
1 |
|
|a Hanzelka, Jiří,
|d 1920-2003
|7 jk01033530
|4 aut
|4 pht
|
| 245 |
1 |
0 |
|a Přemožení pouště /
|c Jiří Hanzelka, Miroslav Zikmund
|
| 250 |
|
|
|a Vyd. 3., (V Carpe diem 2.)
|
| 260 |
|
|
|a V Brumovicích :
|b Carpe diem,
|c 2006
|
| 300 |
|
|
|a 60 s., [8] s. obr. příl. :
|b il., 1 mapa ;
|c 18 cm
|
| 500 |
|
|
|a Část nákladu distribuována v limitované edici s dalšími 3 díly ( Afrika kolem Tatry, Velké vody Iguazú, S československou vlajkou na Kilimandžáro) ve společném přebalu se souborným ISBN pod názvem Čtyři knihy
|
| 500 |
|
|
|a Podnázev v tiráži: dvě reportáže z cesty po Africe
|
| 651 |
|
7 |
|a Núbijská poušť (Súdán)
|7 ge167707
|x vlastivěda
|2 czenas
|
| 651 |
|
7 |
|a Egypt
|7 ge129127
|x vlastivěda
|2 czenas
|
| 651 |
|
7 |
|a Súdán
|7 ge131030
|x vlastivěda
|2 czenas
|
| 651 |
|
9 |
|a Nubian dessert (Sudan)
|x description and travel
|2 eczenas
|
| 651 |
|
9 |
|a Egypt
|x description and travel
|2 eczenas
|
| 651 |
|
9 |
|a Sudan
|x description and travel
|2 eczenas
|
| 655 |
|
7 |
|a cestopisy
|7 fd131956
|2 czenas
|
| 655 |
|
9 |
|a books of travels
|2 eczenas
|
| 700 |
1 |
|
|a Zikmund, Miroslav,
|d 1919-2021
|7 jk01152634
|4 aut
|4 pht
|
| 740 |
0 |
2 |
|a Čtyři knihy
|
| 740 |
0 |
2 |
|a Afrika kolem Tatry
|
| 740 |
0 |
2 |
|a Velké vody Iguazú
|
| 740 |
0 |
2 |
|a S československou vlajkou na Kilimandžáro
|
| 910 |
2 |
|
|a BOA001
|b 1-1176.979
|
| 990 |
|
|
|a BK
|
| 995 |
|
|
|a 01
|
| 991 |
|
|
|b 200612
|c NOV
|
| 996 |
6 |
|
|b 2610294424
|c 1-1176.979
|l MZK
|r Sklad / do 1 hodiny
|n 1
|p p.v.
|w 000832784
|u 000010
|a 1
|e BOA001
|j MZK50
|s P
|
| 996 |
6 |
|
|b 2610459133
|c 1-1176.979
|l MZK
|r Sklad / do 1 hodiny
|n 0
|p dar
|w 000832784
|u 000020
|a 1
|e BOA001
|j MZK50
|s P
|